Gaming Quiz

Random Gaming or Pokémon Quiz

Electric Pokémon (Gen I) Quiz Stats

 Plays Quiz Updated Nov 30, 2016

Support Sporcle.
Go Orange.
Score 0/9 Timer 02:00
7 Plays Today
% Correct
Pikachu
98.9%
Raichu
94.8%
Zapdos
87.6%
Voltorb
83.9%
Electabuzz
82.7%
Electrode
81.8%
Magnemite
80.2%
Magneton
79.7%
Jolteon
75.5%

From the Vault

Remove Ads.
Support Sporcle.
Get the best of Sporcle when you Go Orange. This ad-free experience offers more features, more stats, and more fun while also helping to support Sporcle. Thank you for becoming a member.

Show Comments

Extras

Top Quizzes Today


Score Distribution

Your Account Isn't Verified!

In order to create a playlist on Sporcle, you need to verify the email address you used during registration. Go to your Sporcle Settings to finish the process.

Report this User

Report this user for behavior that violates our Community Guidelines.

Details: